000
00303nam a2200121Ia 4500
008
190216s9999||||xx |||||||||||||| ||und||
100
_a
Rajendra Mohan Matnagar
245
0
_a
Hindi-Manga Ka Sindhoor
260
_b
Nidhi Sahithya Sahithya Pusthak
_c
2007
300
_a
139
650
_a
Hindi
942
_c
BK
999
_c
16684
_d
16684